Origami and papercraft : a step-by-step guide
| Main Author: | |
|---|---|
| Format: | Book |
| Published: |
London :
Usborne Publishing Ltd ,
2003
|
| Subjects: |
MARC
| LEADER | 00000cam a2200000 7i4500 | ||
|---|---|---|---|
| 001 | 0000037657 | ||
| 005 | 20131009.0 | ||
| 008 | 131009 | ||
| 020 | |a 1572151463 | ||
| 090 | 0 | 0 | |a 745.54 |b JAL |
| 100 | 1 | |a Jackson Paul | |
| 245 | 1 | 0 | |a Origami and papercraft : |b a step-by-step guide |c Paul Jackson |
| 260 | |a London : |b Usborne Publishing Ltd , |c 2003 | ||
| 650 | 0 | |a Origami,paper work | |
| 999 | |a 0001243471 |b Book |c Adult Collection |e Perbadanan Perpustakaan Awam Johor | ||
| 999 | |a 000951615 |b Book |c Adult Collection |e Cawangan Bandar Penawar | ||